00805nam a2200229Ia 4500008004100000040001200041082002300053082001400076245008900090300001000179300000600189300001400195530001700209563001000226630008900236650001600325650001200341730008900353942000900442999002100451952010300472160525s9999||||xx |||||||||||||| ||und|| cEnglish aXIVD/Annual Report bBORI-8779 aAnnual Report of the Archaeological Department of his highness the Nizam's Dominions a86+xx cF ePaperback u00008779.pdf aStudy aAnnual Report of the Archaeological Department of his highness the Nizam's Dominions aArchaeology aReports aAnnual Report of the Archaeological Department of his highness the Nizam's Dominions cBOOK c1376242d1376239 00104070aBORIbBORId1941-05-08l0oBORI-8779pBORI-8779r2016-05-25 00:00:00w2016-05-25yBOOK